La filosofía frente al comunismo : de Sartre a hoy : conversación con Peter Engelmann /

Kaydedildi:
Detaylı Bibliyografya
Yazar: Badiou, Alain (autor)
Diğer Yazarlar: Engelmann, Peter (entrevista) (entrevista)
Materyal Türü: Kitap
Dil:İspanyolca
Baskı/Yayın Bilgisi: México : Siglo XXI, 2016, c2016
Seri Bilgileri:(Filosofía Siglo XXI)
Konular:
Etiketler: Etiketle
Etiket eklenmemiş, İlk siz ekleyin!

MARC

LEADER 00000nam^a2200000^a^4500
001 000399510
005 20250521000000.0
009 20260310121553.388
020 |a 978-607-03-0751-5 
037 |a Acervo ITESO - Biblioteca 
041 |a ESP 
082 |a 146. 32  |b BAD 
100 |a Badiou, Alain  |e (autor) 
245 1 3 |a La filosofía frente al comunismo :  |b de Sartre a hoy : conversación con Peter Engelmann /  |c A. Badiou ; entrevista de P. Engelmann ; tr. por Román Setton. 
264 4 |a México :  |b Siglo XXI,  |c 2016, c2016 
300 |a 100 p. 
336 |a texto  |b txt  |2 rdacontenido 
337 |a sin mediación  |b n  |2 rdamedio 
338 |a volumen  |b nc  |2 rdasoporte 
440 1 |a (Filosofía Siglo XXI) 
521 |a FIL 2017 EEnlace Departamento de Filosofía y Humanidades 
649 |a XX 
650 |a Comunismo -  |x Historia y Crítica -  |x Tema Principal 
650 |a Marxismo -  |x Historia y Crítica -  |x Tema Principal 
650 |a Filosofía Política 
650 |a Modernidad y Posmodernidad 
650 |a Filosofía del Siglo XX 
650 |a Filosofía Francesa 
700 |a Engelmann, Peter  |e (entrevista) 
910 |a Fondo General 
920 |a Impresos - Libros 
930 |a Colección General 
905 |a 101 
901 |a 0500294591  |b IT1  |c ACC  |i c157647  |u 20250521 
902 |a https://opac.biblio.iteso.mx/vufind/Record/000399510